000 00259nam a2200109Ia 4500
008 200302s9999 xx 000 0 und d
100 _aHarry Turner
245 _aTriad Optical Illusions
260 _bDover Publications Inc.
260 _c1978
300 _a29 P.,
999 _c435
_d435